<?xml version="1.0" encoding="UTF-8"?>
<record
    xmlns:xsi="http://www.w3.org/2001/XMLSchema-instance"
    xsi:schemaLocation="http://www.loc.gov/MARC21/slim http://www.loc.gov/standards/marcxml/schema/MARC21slim.xsd"
    xmlns="http://www.loc.gov/MARC21/slim">

  <leader>03578nam a22002297a 4500</leader>
  <controlfield tag="003">OSt</controlfield>
  <controlfield tag="005">20231017112429.0</controlfield>
  <controlfield tag="008">231004s2018    ag ||||| |||| 00| 0 spa d</controlfield>
  <datafield tag="020" ind1=" " ind2=" ">
    <subfield code="a">9789874180407</subfield>
  </datafield>
  <datafield tag="040" ind1=" " ind2=" ">
    <subfield code="c">besoc</subfield>
  </datafield>
  <datafield tag="100" ind1="1" ind2=" ">
    <subfield code="a">Castro, Ricardo O. de </subfield>
    <subfield code="e">autor</subfield>
  </datafield>
  <datafield tag="245" ind1="1" ind2="3">
    <subfield code="a">Las formas musicales a trav&#xE9;s de la historia /</subfield>
    <subfield code="c">Ricardo O. de Castro</subfield>
  </datafield>
  <datafield tag="250" ind1=" " ind2=" ">
    <subfield code="a">2a ed.</subfield>
  </datafield>
  <datafield tag="260" ind1=" " ind2=" ">
    <subfield code="a">Buenos Aires :</subfield>
    <subfield code="b">Aula Taller,</subfield>
    <subfield code="c">2018</subfield>
  </datafield>
  <datafield tag="300" ind1=" " ind2=" ">
    <subfield code="a">123 p.</subfield>
  </datafield>
  <datafield tag="490" ind1=" " ind2=" ">
    <subfield code="a">Colecci&#xF3;n lenguajes art&#xED;sticos</subfield>
  </datafield>
  <datafield tag="500" ind1=" " ind2=" ">
    <subfield code="a">Incluye contenidos digitales.</subfield>
  </datafield>
  <datafield tag="505" ind1="0" ind2=" ">
    <subfield code="a">Cap. 1. De la m&#xFA;sica medieval a la neocl&#xE1;sica: Edad Media -- Renacimiento -- Barroco -- Clasicismo -- Romanticismo -- Post-Romanticismo-Modernismo -- Impresionismo -- Neo-clasicismo -- Dada&#xED;smo; La superaci&#xF3;n del Impresionismo -- Neo-romanticismo -- Cap. 2. La m&#xFA;sica a partir de la segunda guerra mundial: La m&#xFA;sica electr&#xF3;nica -- M&#xFA;sica experimental -- Puntillismo -- Serialismo Integral -- Indeterminaci&#xF3;n; M&#xFA;sica aleatoria -- improvisaci&#xF3;n; Composici&#xF3;n grupal; M&#xFA;sica textural; M&#xFA;sica estoc&#xE1;stica; Minimalismo; Pluralismo musical -- Cap. 3. El repertorio musical popular: La evoluci&#xF3;n del jazz y el blues y otras especies populares -- Holler -- Shouts o ring-shouts -- Spiritual o gospel -- Cake-walk -- Ragtime -- Blues -- Boogie -- Folks-country -- Bluesgrass o hillbilly -- Balada folk -- Western swing --City blues -- Rhythm&#xB4;n&#xB4; -- Soul -- Funk -- Rock &amp; roll -- M&#xFA;sica pop -- Beat -- Folk rock -- Rock psicod&#xE9;lico -- Hard/heavy rock -- Glam rock -- Pun rock -- Rock sinf&#xF3;nico -- New wave -- Ska -- Mento --Calipso -- Reggae -- Jazz -- Dixieland -- Swing -- Be-bo -- Cool jazz o modern jazz -- Free Jazz -- Jazz fusi&#xF3;n -- Evoluci&#xF3;n del jazz y blues y otros g&#xE9;neros populares -- Cap. 4. La m&#xFA;sica en Argentina:  La m&#xFA;sica acad&#xE9;mica -- M&#xFA;sica criolla tradicional y m&#xFA;sica popular argentina -- Regi&#xF3;n Noroeste -- Regi&#xF3;n Central y de Cuyo -- Regi&#xF3;n Litoral o Noroeste -- Regi&#xF3;n Pampeana -- Danzas: Tango -- El Jazz y la m&#xFA;sica popular en la Argentina -- Evoluci&#xF3;n de la m&#xFA;sica tradicional y popular argentina -- Cap. 5. Los componentes del circuito de comunicaci&#xF3;n en la m&#xFA;sica: Emisor, receptor, mensaje -- El compositor, el ejecutante, el int&#xE9;rprete -- El oyente -- Los espacios de difusi&#xF3;n: radio, televisi&#xF3;n, recitales, conciertos -- La grabaci&#xF3;n -- El an&#xE1;lisis interpretativo. La decodificaci&#xF3;n por audici&#xF3;n y texto musical -- Los v&#xED;nculos con el contexto socio-cultural -- El mercado y los medios de difusi&#xF3;n en la resignificaci&#xF3;n de las categor&#xED;as est&#xE9;ticas -- Nuevos roles en la producci&#xF3;n musical -- Notas -- Bibliograf&#xED;a.-</subfield>
  </datafield>
  <datafield tag="520" ind1=" " ind2=" ">
    <subfield code="a">Este libro ofrece un panorama de la m&#xFA;sica occidental desde la Edad Media a nuestros d&#xED;as. Un desfile que incluye desde el canto gregoriano al neo-romanticismo musical, pasando por la m&#xFA;sica barroca, la cl&#xE1;sica y la rom&#xE1;ntica, y sus grandes cultores. En todos los casos se proponen numerosas escuchas que ilustran los estilos respectivos, las que pueden ser bajadas a trav&#xE9;s de los Contenidos Digitales anexos a estos trabajos. En este caso, nuestro criterio pedag&#xF3;gico es estimular el gusto por la m&#xFA;sica escuch&#xE1;ndola.
Adem&#xE1;s de la m&#xFA;sica considerada "culta", ofrecemos un panorama del repertorio musical popular que incluye la evoluci&#xF3;n, el blues y otras especies musicales, adem&#xE1;s de la m&#xFA;sica acad&#xE9;mica, tradicional y popular de nuestro pa&#xED;s. En todos los casos acompa&#xF1;adas de numerosas propuestas de escucha. [Nota del editor]</subfield>
  </datafield>
  <datafield tag="650" ind1=" " ind2="4">
    <subfield code="a">M&#xFA;sica</subfield>
    <subfield code="x">Historia</subfield>
    <subfield code="x">Educaci&#xF3;n secundaria</subfield>
  </datafield>
  <datafield tag="942" ind1=" " ind2=" ">
    <subfield code="2">udc</subfield>
    <subfield code="c">LPD</subfield>
    <subfield code="n">0</subfield>
  </datafield>
  <datafield tag="999" ind1=" " ind2=" ">
    <subfield code="c">96</subfield>
    <subfield code="d">96</subfield>
  </datafield>
  <datafield tag="952" ind1=" " ind2=" ">
    <subfield code="0">0</subfield>
    <subfield code="1">0</subfield>
    <subfield code="2">udc</subfield>
    <subfield code="4">0</subfield>
    <subfield code="7">0</subfield>
    <subfield code="8">CG</subfield>
    <subfield code="a">ESOCIALES</subfield>
    <subfield code="b">ESOCIALES</subfield>
    <subfield code="d">2023-10-17</subfield>
    <subfield code="l">0</subfield>
    <subfield code="o">78.02 C355 Caja Mate.,Mus.,Id. Dig., Hist.</subfield>
    <subfield code="p">000788</subfield>
    <subfield code="r">2023-10-17 00:00:00</subfield>
    <subfield code="w">2023-10-17</subfield>
    <subfield code="y">LPD</subfield>
  </datafield>
</record>
